| 000 | 00768cam a2200265 a 4500 | ||
|---|---|---|---|
| 999 |
_c1695 _d1695 |
||
| 001 | 1898645 | ||
| 003 | GZU | ||
| 005 | 20201021110502.0 | ||
| 008 | 840604s1985 txua b 001 0 eng | ||
| 010 | _a 84071559 | ||
| 020 | _a0256032742 | ||
| 040 |
_aDLC _cDLC _dDLC |
||
| 050 | 0 | 0 |
_aHF5667 _b.R72 1985 |
| 082 | 0 | 0 |
_a657/.45 _219 |
| 100 | 1 | _aRobertson, Jack C. | |
| 245 | 1 | 0 |
_aAuditing / _cJack C. Robertson, Frederick G. Davis. |
| 250 | _a4th ed. | ||
| 260 |
_aPlano, Tex. : _bBusiness Publications, _c1985. |
||
| 300 |
_axxii, 794 p. : _bill. ; _c24 cm. |
||
| 504 | _aIncludes bibliographies and index. | ||
| 650 | 0 | _aAuditing. | |
| 700 | 1 | _aDavis, Frederick G. | |
| 906 |
_a7 _bcbc _corignew _d3 _eopcn _f19 _gy-gencatlg |
||
| 942 |
_2lcc _cBK _e4th _h5667 _iROB _kHF |
||